| 000 | 02239 a2200193 4500 | ||
|---|---|---|---|
| 020 | _a0071358781 (hardcover) | ||
| 020 | _a9780071358781 (hardcover) | ||
| 082 | 0 | 4 | _a658.4 |
| 090 |
_c5217 _d5217 |
||
| 100 | 1 | _aBraksick, Leslie Wilk. | |
| 245 | 1 | 0 |
_aUnlock behavior, unleash profits / _cLeslie Wilk Braksick, The Continuous Learning Group. |
| 250 | _a1st ed. | ||
| 260 |
_a[S.l.] : _bMcGraw-Hill, _c1999. |
||
| 300 |
_a291 p. ; _c24 cm. |
||
| 520 | _aRight now, you can start dramatically improving performance - of yourself, your employees, and your organization. Simply emulate what many other great corporate leaders are doing: apply the proven methods of behavioral science that Dr. Braksick reveals in this leadership handbook! "Behavior is a key enabler! This book is a must read for leaders who want to increase their organization's capacity to execute will!" - Dave O'Reilly, Chairman and CEO, Chevron Corporation. "Much is written about strategy, process change, marketing, efficiency...but all too often the most critical ingredient is left out: the people who execute it. Dr. Braksick gives us a practical, science-based guide to every executive's most complex issue: people." - Brian Baker, President, Mobil North America Marketing and Refining. "The influence of Dr. Braksick and her colleagues has dramatically impacted me and my leadership of one of the nation's fastest growing companies." - Michael G. DeGroote, Board Chairman and CEO, Century Business Services (CBIZ). "An excellent reminder for seasoned executives of the importance of feedback and understanding their impact on people...an ideal handbook for new managers on understanding relationships and the impact of their leadership on others. " - Fran Dramus, CIO, Bell South. ""Unlock Behavior, Unleash Profits" is about 21st century leadership. The power of unlocking behavior in your organization starts with you, the leader. Dr. Braksick is a winner, and this book will be one and create many winners itself!" - Brian McNeill, President, Ingersoll-Rand Architectural Hardware Group. | ||
| 700 | 1 | _aGroup, The Continuous Learning. | |
| 856 | 4 | 0 |
_3Amazon.com _uhttp://www.amazon.com/exec/obidos/ASIN/0071358781/chopaconline-20 |
| 942 |
_aNBS _cBK _k658.4 BRA |
||
| 999 |
_c347635 _d347635 |
||